|
|
|
|
| LEADER |
00000nam0a2200000 4500 |
| 001 |
248238 |
| 005 |
20231101232353.0 |
| 035 |
|
|
|a (RuTPU)RU\TPU\book\269982
|
| 090 |
|
|
|a 248238
|
| 100 |
|
|
|a 20140120d1972 m y0rusy50 ca
|
| 101 |
0 |
|
|a rus
|a pol
|
| 102 |
|
|
|a PL
|
| 105 |
|
|
|a y e 000zy
|
| 200 |
1 |
|
|a Русско-польский химический словарь
|e 34 730 терминов
|f под ред. З. Собецкой, В. Хоиньского
|
| 205 |
|
|
|a 2-е изд., испр. и доп.
|
| 210 |
|
|
|a Варшава
|a Москва
|c Советская энциклопедия
|d 1972
|
| 215 |
|
|
|a 480 с.
|
| 606 |
1 |
|
|a Химия
|2 stltpush
|3 (RuTPU)RU\TPU\subj\17362
|9 43035
|
| 610 |
1 |
|
|a словари
|
| 610 |
1 |
|
|a польский язык
|
| 610 |
1 |
|
|a химическая технология
|
| 610 |
1 |
|
|a химические соединения
|
| 610 |
1 |
|
|a химические свойства
|
| 610 |
1 |
|
|a вещества
|
| 610 |
1 |
|
|a ядерная химия
|
| 675 |
|
|
|a 54(038)
|v 3
|
| 702 |
|
1 |
|a Собецкая
|b З.
|4 340
|
| 702 |
|
1 |
|a Хоиньский
|b В.
|4 340
|
| 801 |
|
1 |
|a RU
|b 63413507
|c 20140120
|
| 801 |
|
2 |
|a RU
|b 63413507
|c 20140122
|g RCR
|
| 942 |
|
|
|c BK
|